000 00685nam a2200241Ia 4500
003 OSt
005 20220923223014.0
006 a|||||r|||| 00| 0
007 ta
008 220922b |||||||| |||| 00| 0 hin d
024 _a209,905
037 _cTextual
040 _aARTS
_cARTS
_bhin
041 _2hin
_ahin
082 _aO152,8N31x, L3
100 _aजोशी, शरद
245 0 _aतिलसम
246 _aTilasama
260 _aदिल्ली
_b राजपाल एंड सन्स
_c1973
650 _aहिन्दी कहानी
942 _hO152,8N31x, L3
_cTEXL
_2CC
999 _c360454
_d360454